000 01176cam a2200325 4500
008 090401t1997 xxu||||| |||| 00| 0 eng d
020 _a0750632186
035 _a(Sirsi) u77648
041 _aeng
050 _a690.2
100 _aGlover, Peter
245 _aBuilding surveys.
250 _a3rd ed.
260 _aLondon
_bLaxton`s
_c1997
300 _ax,262p. : ill. ; 24cm.
350 _a17.99
520 _aLatest edition of a standard work which covers the knowledge, techniques and equipment needed to carry out building surveys on all types and conditions of buildings. Previous edtions by H.S. Staveley and Peter Glover.
650 _aBUILDING SURVEYS
650 _aDilapidations
_96235
650 _aBUILT ENVIRONMENT-BUILDING ELEMENTS-COMPLETE BUILDING ELEMENTS-FLOORS
650 _aBUILT ENVIRONMENT-BUILDING ELEMENTS-COMPLETE BUILDING ELEMENTS-FOUNDATIONS
650 _aHOUSE SURVEYS
650 _aPROFESSIONAL PRACTICE
650 _aSurvey reports
_96270
650 _aBUILT ENVIRONMENT-BUILDING ELEMENTS-COMPLETE BUILDING ELEMENTS-WALLS
650 _aWATTS V MORROW
690 _aBUILT ENVIRONMENT
942 _n0
948 _c08/04/1997
999 _c96338
_d96338